Working with texts : (Record no. 11262)

MARC details
000 -LEADER
fixed length control field 01488cam a22003495a 4500
001 - CONTROL NUMBER
control field 14897965
003 - CONTROL NUMBER IDENTIFIER
control field EG-ScBUE
005 - DATE AND TIME OF LATEST TRANSACTION
control field 20220418094955.0
008 - FIXED-LENGTH DATA ELEMENTS--GENERAL INFORMATION
fixed length control field 070620s2008 enka f b 001 0 eng d
020 ## - INTERNATIONAL STANDARD BOOK NUMBER
International Standard Book Number 9780415414241
040 ## - CATALOGING SOURCE
Original cataloging agency DLC
Language of cataloging eng
Description conventions rda
Transcribing agency DLC
Modifying agency DLC
-- EG-ScBUE
-- EG-ScBUE
082 04 - DEWEY DECIMAL CLASSIFICATION NUMBER
Classification number 420.141
Item number WOR
Edition number 22
245 00 - TITLE STATEMENT
Title Working with texts :
Remainder of title a core introduction to language analysis /
Statement of responsibility, etc Ronald Carter ... [and four others] ; edited by Adrian Beard.
250 ## - EDITION STATEMENT
Edition statement Third edition.
264 #1 - PUBLICATION, DISTRIBUTION, ETC. (IMPRINT)
Place of publication, distribution, etc London ;
-- New York :
Name of publisher, distributor, etc Routledge,
Date of publication, distribution, etc 2008.
300 ## - PHYSICAL DESCRIPTION
Extent xxii, 264 pages :
Other physical details illustrations ;
Dimensions 24 cm.
336 ## - CONTENT TYPE
Source rdacontent
Content type term text
Content type code txt
337 ## - MEDIA TYPE
Source rdamedia
Media type term unmediated
Media type code n
338 ## - CARRIER TYPE
Source rdacarrier
Carrier type term volume
Carrier type code nc
490 0# - SERIES STATEMENT
Series statement Inter text
504 ## - BIBLIOGRAPHY, ETC. NOTE
Bibliography, etc Includes bibliographical references and index.
520 ## - SUMMARY, ETC.
Summary, etc Providing a basic foundation for understanding aspects of English language crucial in the analysis of text, this text examines such topics as writing, the sound system of spoken English, words, sentence grammar and discourse construction.
650 #7 - SUBJECT ADDED ENTRY--TOPICAL TERM
Topical term or geographic name as entry element Language and languages
Form subdivision Problems, exercises, etc.
Source of heading or term BUEsh
650 #7 - SUBJECT ADDED ENTRY--TOPICAL TERM
Topical term or geographic name as entry element Written communication
Form subdivision Problems, exercises, etc.
Source of heading or term BUEsh
651 ## - SUBJECT ADDED ENTRY--GEOGRAPHIC NAME
Source of heading or term BUEsh
653 ## - INDEX TERM--UNCONTROLLED
Resource For college Humanities: English
Arrived date list August2018
655 ## - INDEX TERM--GENRE/FORM
Form subdivision Reading book
9 (RLIN) 34232
700 1# - ADDED ENTRY--PERSONAL NAME
Personal name Carter, Ronald,
Dates associated with a name 1947-
Relator term author.
9 (RLIN) 3521
700 1# - ADDED ENTRY--PERSONAL NAME
Personal name Beard, Adrian,
Relator term editor.
9 (RLIN) 3523
942 ## - ADDED ENTRY ELEMENTS (KOHA)
Source of classification or shelving scheme Dewey Decimal Classification
Koha item type Book - Borrowing
Holdings
Withdrawn status Lost status Source of classification or shelving scheme Damaged status Not for loan Collection code Home library Current library Shelving location Date acquired Source of acquisition Cost, normal purchase price Serial Enumeration / chronology Total Checkouts Total Renewals Full call number Barcode Date last seen Date checked out Koha item type
    Dewey Decimal Classification     Alahram Central Library Central Library Second Floor 09/04/2009 Purchase 192.00 355 4 5 420.141 WOR 000015964 15/07/2025 02/10/2019 Book - Borrowing